| 000 | 00742cab a2200229 4500 | ||
|---|---|---|---|
| 001 | WB2729-14 | ||
| 008 | 090401t1991 xxu||||| |||| 00| 0 eng d | ||
| 035 | _a(Sirsi) u45004 | ||
| 041 | _aeng | ||
| 245 | _aBanks ` outlook on insolvencies | ||
| 260 | _c1991 | ||
| 350 | _a0 | ||
| 490 |
_aChartered Surveyor Weekly _vvol 36 no 4 25 July 1991 p11 |
||
| 520 | _aAccording to a survey of property banks, a high proportion, 79%, believe the market has bottomed out and 39% expect to see more debt-to-equity deals. | ||
| 650 | _aBANK LENDING | ||
| 650 | _aCHESTERTON FINANCIAL | ||
| 650 | _aPROPERTY COMPANIES | ||
| 650 | _aPROPERTY FINANCE | ||
| 690 | _aPROPERTY-PROPERTY FINANCE AND INVESTMENT | ||
| 942 | _n0 | ||
| 948 | _c04/03/1997 | ||
| 999 |
_c28607 _d28607 |
||